00461nam a2200121Ia 45000010005000000080041000050820024000461000098000702450112001682600017002809010027002979990015003243710241024s9999 xx 000 0 und d aRD/796.4/R426i/2012 aRepública Dominicana.Ministerio de Educación. Instituto Nacional de Educación Física. 0aInforme a la ministra Josefina Pimentel, Hallazgo y acciones de los primeros 21 días. Gestión 2012-2016 bMINERDc2012 a17/2/2014 9:41:41 a.m. c7926d7926